Back in the USSR lyrics - Statistics

General Stats
  • This quiz has been taken 336 times
  • The average score is 20 of 28
Answer Stats
Hint Answer % Correct
I'm back in the ____. USSR
99%
I'm back in the ____. USSR
99%
I'm back in the ____. USSR
99%
You don't know how _____ you are, boy. Back in the USSR. Lucky
95%
I'm back in the USSR. You don't know how _____ you are, boy. Lucky
95%
You don't know how ____ you are, boys. Back in the USSR. Lucky
95%
Gee it's good to be ____ ____. Back Home
88%
Flew in from _________ BOAC. Didn't get to be last night. Miami Beach
82%
Been away so long I hardly knew the ____. Place
81%
And _____ girls make me sing and shout. Moscow
80%
And _____ girls make me sing and shout. Moscow
80%
Leave it til' _______ to unpack my case. Tomorrow
79%
They leave the ___ behind. West
79%
They leave the ___ behind. West
79%
Honey ________ the phone. Disconnect
78%
Well the _____ girls really knock me out, Ukraine
78%
Well the _____ girls really knock me out, Ukraine
78%
Take me to your _____'s farm. Daddy
73%
That ______'s always on m-m-my mind. Georgia
73%
That _____'s always on m-m-my mind. Georgia
73%
On the way a ________ was on my knee, man I had a dreadful flight. Paper Bag
66%
Come and keep your _____ warm. Comrade
65%
Oh, ____ on. Come
54%
Back in the __, back in the __, back in the USSR. US US
48%
Let me hear your _______ ringing out. Balalaikas
41%
Oh let me tell you ____. Honey
38%
Oh, show me around the ___-_____ mountains way down south. Snow Peaked
31%
__, you don't know how lucky you are, boys. Back in the USSR. Hey
18%
No matching quizzes found
Score Distribution
Percent of People with Each Score
Percentile by Number Answered
Your Score History
You have not taken this quiz